Estadísticas para Ejercicios de Futbol Internacional a nivel de clubes y selecciones.

Haz click aquí para intentar la prueba.

Estadísticas generales

  • Esta prueba ha sido intentada 119 veces
    (109 desde el último reinicio)
  • La puntuación promedio es 12 de 15

Estadísticas de respuestas

PreguntaRespuesta% Correcto
¿Cual es la selección con mas Copas del Mundo de la FIFA con un total de 5 titulos antes del mundial 2026?
100%
¿Cuál de estas selecciones tiene mas Eurocopas?
95%
¿Cual seleccion se coronó el primer campeón del Mundo?
95%
¿Cual de estos equipos tiene mas Champions League?
94%
¿Cuál de estos paises latinos no ha organizado una Copa del Mundo?
94%
¿Cual es la seleccion africana que mas lejos a llegado a una Copa del Mundo?
93%
¿Cuál es el club con mas Europa League?
90%
¿Cuál seleccion fue campeón en el mundial México 86?
89%
¿Cual fue el ultimo país latino en organizar una Copa del Mundo de la FIFA antes del Mexico, Estados Unidos y Canadá en 2026?
86%
¿Cual es la selección de Concacaf con mas Copa Oro en sus vitrinas?
80%
¿Cual es el equipo con mas Copa Libertadores de América?
73%
¿Quien fue el primer campeón de la Conference League?A.S Roma
72%
¿Cual de estas selecciones tiene mas Copa América?
66%
¿Cuál es la seleccion de Concacaf que mas lejos a llegado a una Copa del Mundo, incluso llegando a semifinales?
54%
¿Cuál es la seleccion con mas Copa Africana de Naciones?
44%

Distribución de puntuación

Porcentaje por número respondido

Porcentaje de gente con cada puntuación

Historial de tus puntuaciones

No has intentado esta prueba desde el último reinicio